1001 1675 2000 1505 1997 1840 1464 1099 1346 1404 1871 1431 1186 1738 1820 1643 1225 1148 1600 1164 1379 1287 1724 1891 1395 1117 1134 1113 1076 1278 1065 1717 1238 1516 1519 1434 1684 1740 1108 1478 1926 1770 1144 1381 1735 1115 1581 1091 1698 1658 1288 1114 1814 1380 1485 1426 1452 1471 1079 1817 1512 1614 1765 1913 1313 1679 1663 1573 1648 1399 1810 1544 1021 1858 1867 1915 1607 1471 1234 1834 1954 1147 1306 1092 1673 1086 1316 1745 1645 1438 1277 1891 1883 1255 1745 1664 1602 1314 1532 BCNSPRNW ULIB Ver.6.0+V

เปลี่ยนเป็นภาษาไทย

Change to English
 แสดงรายละเอียดบรรณานุกรม
  กลับหน้าหลัก

Brief Record : Get Marc (ISO 2709) : E-mail record : QR code < ปิดหน้าต่าง
LEADER : 00000nam 2200000uu 4500
001    13399110703
003     ULIB
008    110607s2542||||th 000 0 tha d
020    9745150541
060 04 WS103^bอ171ก 2542
245 00 เกณฑ์อ้างอิงน้ำหนัก ส่วนสูง เครื่องชี้วัดภาวะโภชนาการของประชาชนไทย อายุ 1 วัน-19 ปี /^cกรมอนามัย
260    นนทบุรี :^bกรม,^c2542
300    ก-ง, 13, 87 หน้า ;^c29 ซม.
650  7 ความสูงของร่างกาย^xตาราง
650  7 น้ำหนักตัว^xตาราง
650  7 น้ำหนักและการวัด^xตาราง
650  7 โภชนาการ
650  7 หน่วยระบบสากล
650  7 สภาวะโภชนาการ
710 2  กรมอนามัย. ^bคณะทำงานจัดทำเกณฑ์อ้างอิงน้ำหนักส่วนสูงและเครื่องชี้วัดภาวะโภชนาการของประเทศไทย
945    ^p0^l0^i012869
995    ทศพร
999 ^a ใช้งานได้ทุกระบบ
รายการนี้ยังไม่มีแท็ก
คุณยังไม่ได้ล็อกอิน คุณสามารถมีกิจกรรมร่วมกับเว็บไซต์ได้ แต่ต้องล็อกอินก่อน ::
  ล็อกอิน

รายการสื่อสารสนเทศ

ลำดับที่ ประเภท เลขเรียก/บาร์โค้ด สถานที่ สถานะ
- ไม่พบข้อมูล -

รายการใกล้เคียง
    หัวเรื่อง [โภชนาการ]

BibComment


ยังไม่เคยถูกคอมเมนท์

คอมเมนท์ทรัพยากรรายการนี้
  คอมเมนท์: เกณฑ์อ้างอิงน้ำหน..


 Copyright 2026. Bcnsprnw @Library